| 000 | 00876nam a2200277Ia 4500 | ||
|---|---|---|---|
| 005 | 20220317001335.0 | ||
| 008 | 161108s2011 sp g 000 0 spa | ||
| 020 | _a9788433914545 | ||
| 100 | 1 |
_aAuster, Paul _d1947- |
|
| 245 | 1 | 3 |
_aEl palacio de la luna _cPaul Auster ; traducción de Maribel de Juan |
| 250 | _a29a. edición | ||
| 300 |
_a310 páginas _c21 cm |
||
| 490 | _aCompactos | ||
| 534 | _tMoon palace | ||
| 650 | 1 | 4 |
_2LEMB _aNovela estadounidense _ySiglo XX |
| 650 | 1 | 4 |
_2LEMB _aLiteratura estadounidense _ySiglo XX |
| 650 | 1 | 4 |
_2LEMB _aVida cotidiana en la literatura |
| 700 | 1 |
_aJuan, Maribel de _911416 |
|
| 942 |
_2loc _cBKLIT |
||
| 264 |
_aBarcelona _bAnagrama _c2011 |
||
| 336 |
_atexto _btxt _2rdacontent |
||
| 337 |
_asin mediación _bn _2rdamedia |
||
| 338 |
_avolumen _bnc _2rdacarrier |
||
| 040 |
_aCO-BoRNBP _bspa _erda _cCO-BoRNBP |
||
| 084 | _aN AUS2 | ||
| 999 |
_c6668 _d6668 |
||